000 nam a22 a 4500
999 _c56
_d56
003 AKMAL
005 20170413144808.0
008 s2002 my 00 may d
020 _a9676113387 (kkt.):
_cRM6.00
040 _aAKMAL
090 0 0 _a959.5054
_bISM
100 0 _aIsmail Ibrahim
_9193
245 1 0 _aPemikiran Dr. Mahathir tentang Islam /
_cIsmail Ibrahim
260 _aKuala Lumpur :
_bUtusan Publications & Distributors,
_c2002
300 0 0 _ax, 65ms. ;
_c19cm
600 0 0 _aMahathir bin Mohamad,
_cDato' Seri,
_d1925-
_xViews on Islam
_9194
650 0 _aMalaysia
_xPolitics and government
_948
856 4 _uftp://tag856.pnm.gov.my/tag856/buku/9676113387.pdf
_yElectronic Resource
942 _2ddc
_cBOOK